000 00860nam a2200241Ia 4500
003 OSt
005 20221005113514.0
006 a|||||r|||| 00| 0
007 ta
008 221004b |||||||| |||| 00| 0 pan d
020 _c300
024 _a104592
037 _b7830/IV, 31/01/2011, Arsee Publishers
_cTextual
040 _aCRL
_cCRL
_bpan
041 _2pan
_apan
082 _aO153vN, P7
100 _aਸੇਖੋ੍ਵ, ਰਾਜਿੰਦਰ ਸਿੰਘ
245 0 _aਪੰਜਾਬੀ ਸਾਹਿਤ ਦਾ ਨਵੀਨ ਇਤਿਹਾਸ
260 _aਲੁਧਿਆਣਾ
_bਲਾਹੌਰ ਬੁੱਕ ਾਪ ਭਾਰਤ
_c2007
300 _a728ਪੰ
_ccm.
942 _hO153vN, P7
_cTEXL
_2cc
999 _c1028398
_d1028398